| 000 | 00484nam a2200145Ia 4500 | ||
|---|---|---|---|
| 008 | 210430s9999 xx 000 0 und d | ||
| 020 | _a8179922723 (paperback) | 97881 | ||
| 082 | _a659.2 J451 P | ||
| 100 |
_aJefkins, Frank. _9468 |
||
| 245 |
_aPublic relations for your business / _cJefkins, Frank. |
||
| 260 |
_a[S.l.] : _bJaico Publishing House, _c2005 |
||
| 300 | _a1 v. (unpaged) ; | ||
| 856 | _uhttp://www.amazon.com/exec/obidos/ASIN/8179922723/chopaconline-20 | ||
| 942 | _2ddc | ||
| 999 |
_c562510 _d562510 |
||